One piece quiz HARDCORE - Statistics

General Stats
  • This quiz has been taken 160 times
  • The average score is 6 of 15
Answer Stats
Hint Answer % Correct
At what age did Shyarly predict the birth of the mermaid princess in 10 years ? 3
87%
how many times has a celestial dragon been hit in one piece until chapter 1141 (outside of the fallen celestial dragons) ? 4
83%
How old is Charlotte Pudding ? 16
79%
How many years ago did Shanks became an emperor of the sea ? 6
77%
What is the survival rate from Ohm's iron ordeal on Skypiea ? 0
67%
Who is the man behind the ban on blood donation between fish-men and humans on fish-men island ? Fisher Tiger
38%
Which warlord of sea is beaten by Portgas D Ace, resulting in access to the same title by the tyrant Bartholomew Kuma ? Hanafuda
33%
What is the name of Koza's father on Alabasta ? Toto
29%
Who owns the 12th largest bounty in One Piece until chapter 1141 ? Crocodile
24%
What is the name of the faction that didn't get powers after eating a SMILE in kaido's crew ? Pleasures
21%
When did Montblanc Norland live ? 400 years ago
15%
What is the bounty of Dadan ? 7.800.000
10%
What is the name of the zombie unicorn who is sharing a drink with Mocdonald the tree on Thriller Bark ? Unigaro
7%
What is the name of the 14th division commander in Whitebeard fleet ? Speed jill
6%
What is the name of Doflamingo's attack that he launches against Sanji after immobilizing him in the air in Dressrosa, the same attack that was deflected by Law's Shambles, which, which has the effect of reaching and cutting a building in Dressrosa ? Overheat
5%
No matching quizzes found
Score Distribution
Percent of People with Each Score
Percentile by Number Answered
Your Score History
You have not taken this quiz